| 000 | 01671nam a2200397 c 4500 | ||
|---|---|---|---|
| 003 | BLK | ||
| 005 | 20180422112903.0 | ||
| 008 | 180410b bul|||||r ||||||| ||bul|| | ||
| 010 | _aKNG00155231000 | ||
| 020 |
_a978-619-159-021-6 _bиздат.: ПП-Прес |
||
| 040 | _aBLK | ||
| 041 |
_aBUL _cBUL |
||
| 072 | 7 |
_2bullib _aН85 _xДетска художествена литература Н |
|
| 080 |
_aЛитература на отделни езици и езикови семейства _b821 _x-93-91 _z821-93-91 |
||
| 700 | 1 |
_aЖикич, Соня _eсъстав. и адапт. _968499 |
|
| 700 | 1 |
_aМанчич, Владимир _eил. _992477 |
|
| 700 | 1 |
_aЛяпова, Русанка Костова _eпрев. от сръб. _9368468 |
|
| 139 |
_aЛъжливото овчарче _bЛ 93 |
||
| 245 | 1 | 0 |
_aЛъжливото овчарче _cсъстав. и адапт. Соня Жикич; ил. Владимир Манчич; прев. от сръб. Русанка Костова Ляпова. |
| 257 | _aSB | ||
| 260 |
_аПловдив _bПП-Прес _c2012 _fПирот : Pi-press |
||
| 300 |
_a8 с. _bс цв. ил. _c21 см |
||
| 380 | _aDX | ||
| 490 | 1 | _aПоучителни истории от стари времена | |
| 500 | _aБез сведение за ориг. загл. | ||
| 653 | _aбасни | ||
| 653 | _aадаптирани книги | ||
| 653 | _aдетска литература | ||
| 653 | _aлитература за деца | ||
| 659 | _aН | ||
| 852 | _aЦб 267805 | ||
| 856 | 4 |
_qpdf _u |
|
| 856 | 4 |
_qpdf _u |
|
| 942 |
_cKNG _n0 |
||
| 944 |
_aCR _c06.01.2014 _lф / _kЛюдмила_Стоянова |
||
| 944 |
_aED _c24.09.2014 _lф / _k |
||
| 999 |
_c148996 _d148996 |
||